• 首页
  • 本馆介绍
  • 公告通知
  • 最新文献
  • 馆藏检索
  • 电子资源
  • 读者导购
  • 参考咨询
  • 我的图书馆
  • 登录
  • 详细信息显示
  • 放入我的书架
  • 预约/预借图书
  • 作者相关作品
  • 分类相关作品
  • 丛书相关作品
  • 出版社相关作品

书目信息

  • 表格格式
  • 工作单格式
  • 卡片格式
题名:
建筑土建工程施工质量验收实用手册
    
 
作者: 俞宾辉 编
分册:  
出版信息: 济南   山东科学技术出版社  2010.02
页数: 455页
开本: 26cm
丛书名:
单 册:
中图分类: TU712.3-62
科图分类:
主题词: 建筑工程--工程验收--质量标准--中国--手册 , 工程验收 , 质量标准 , 建筑工程
电子资源:
ISBN: 7-5331-3437-0
000 00910nam0 2200265 450
001 002430525
005 20110402092439.41
010    @a7-5331-3437-0@dCNY46.00
100    @a20030815d2010 em y0chiy50 ea
101 0  @achi
102    @aCN@b370000
105    @ay z 000yy
200 1  @a建筑土建工程施工质量验收实用手册@b专著@f俞宾辉编@9jian zhu tu jian gong cheng shi gong zhi liang yan shou shi yong shou ce
210    @a济南@c山东科学技术出版社@d2010.02
215    @a455页@d26cm
330    @a本手册内容涉及建筑工程质量验收统一标准,建筑地基基础工程,砌体工程,混凝土结构工程,钢结构工程,屋面工程,地下防水工程等方面。
606 0  @a建筑工程@x工程验收@x质量标准@y中国@j手册
606 0  @a工程验收
606 0  @a质量标准
606 0  @a建筑工程
690    @aTU712.3-62@v5
701  0 @a俞宾辉@4编@9yu bin hui
801  0 @aCN@bHTST@c20110402
905    @aBZT@dTU712.3-62@e1
906    @dCNY46.00@n0@r1
    
    建筑土建工程施工质量验收实用手册/俞宾辉编.-济南:山东科学技术出版社,2010.02
    455页;26cm
    
    
    ISBN 7-5331-3437-0:CNY46.00
    本手册内容涉及建筑工程质量验收统一标准,建筑地基基础工程,砌体工程,混凝土结构工程,钢结构工程,屋面工程,地下防水工程等方面。
●
相关链接 在五车中查询图书 在当当中查询图书 在豆瓣中查询图书


正题名:建筑土建工程施工质量验收实用手册     索取号:TU712.3-62/1         预约/预借

序号 登录号 条形码 馆藏地/架位号 状态 备注
1 755099   2000755099   样本书库/样003架B面2层1列/ [索取号:TU712.3-62/1] 在馆    
2 755100   2000755100   中心书库中库/ 中库022架B面7列1层19/ [索取号:TU712.3-62/1] 在馆    
3 755101   2000755101   中心书库中库/ 中库022架B面7列1层15/ [索取号:TU712.3-62/1] 在馆    
4 755102   2000755102   中心书库中库/ 中库022架B面7列1层16/ [索取号:TU712.3-62/1] 在馆    
5 755103   2000755103   中心书库中库/ 中库022架B面7列1层17/ [索取号:TU712.3-62/1] 在馆    
6 755104   2000755104   中心书库中库/ 中库022架B面7列1层18/ [索取号:TU712.3-62/1] 在馆    
山东省滨州职业学院图书馆 欢迎您!
大连网信软件有限公司© 版权所有